Andes : (Record no. 21984)

000 -CABECERA
fixed length control field 02033nam a22003377a 4500
003 - IDENTIFICADOR DEL NÚMERO DE CONTROL
control field AR-CdUCM
008 - DATOS DE LONGITUD FIJA--INFORMACIÓN GENERAL
fixed length control field 190425b ||||| |||| 00| 0 spa d
040 ## - FUENTE DE LA CATALOGACIÓN
Agencia/entidad que catalogó originalmente la obra MUNICIPALIDAD PROVINCIAL DEL CUSCO
Entidad que transcribió la catalogación BIBLIOTECA MUNICIPAL DEL CUSCO
082 ## - NÚMERO DE LA CLASIFICACIÓN DECIMAL DEWEY
No. de Clasificación Andes/N°1/1995
110 ## - ENTRADA PRINCIPAL--NOMBRE DE ENTIDAD CORPORATIVA
Nombre de la institución, jurisdicción como entrada principal Universidad Nacional de San Antonio Abad del Cusco
9 (RLIN) 15942
245 ## - MENCIÓN DE TÍTULO
Título Andes :
Resto del título Revista de Ciencias Sociales /
Mención de responsabilidad Facultad de Ciencias Sociales
260 ## - PUBLICACIÓN, DISTRIBUCIÓN, ETC.
Lugar de publicación, distribución, etc. Cusco.
Nombre de la editorial, distribuidor, etc. Universitaria,
Fecha de publicación, distribución, etc. 1995.
300 ## - DESCRIPCIÓN FÍSICA
Nº de Páginas Extensión 414 páginas. :
Otros detalles físicos Ilustraciones ;
Dimensiones 21 cm.
440 ## - MENCIÓN DE SERIE/PUNTO DE ACCESO ADICIONAL--TÍTULO
Título Andes Revista Semestre de la Facultad de Ciencias Sociales semestre 94-II
Número de la parte/sección de una obra N° 1.1995
9 (RLIN) 47058
505 ## - NOTA DE CONTENIDO CON FORMATO
Nota de contenido formateada Contenido: Julián Santisteban Ochoa, historiador y maestro. Horacio Villanueva Urteaga. -- Origen histórico de la provincia de Canas. German Zecenarro Madueño. -- El Inkaismo una constante en la mentalidad andina. José Tamayo Herrera. -- Periodismo cusqueño en la época de transición. Fructuoso Cahuata Corrales. -- La intelectualidad en el Cusco, primeros decenios del presente siglo. Fructuoso Cahuata Corrales. -- La intelectualidad en el Cusco, primeros decenios del presente siglo. Fructuoso Cahuata Corrales. -- Sillkinchani. Alfredo Mormontoy Atayupanqui. -- El conjunto arqueológico inka de Choquekirao. Roberto Samanez Argumedo. -- La visita de la provincia de León de Huánuco en 1562. Luis Barreda Murillo. -- Los fuegos de artificio. Luis Negrón Alonso.
650 ## - PUNTO DE ACCESO ADICIONAL DE MATERIA--TÉRMINO DE MATERIA
Descriptor Historia del Cusco
9 (RLIN) 1714
650 ## - PUNTO DE ACCESO ADICIONAL DE MATERIA--TÉRMINO DE MATERIA
Descriptor Arqueología del Cusco
9 (RLIN) 44311
650 ## - PUNTO DE ACCESO ADICIONAL DE MATERIA--TÉRMINO DE MATERIA
Descriptor Antropología del Cusco
9 (RLIN) 47059
650 ## - PUNTO DE ACCESO ADICIONAL DE MATERIA--TÉRMINO DE MATERIA
Descriptor Psicología
9 (RLIN) 1538
650 ## - PUNTO DE ACCESO ADICIONAL DE MATERIA--TÉRMINO DE MATERIA
Descriptor Filosofía
9 (RLIN) 395
700 ## - PUNTO DE ACCESO ADICIONAL--NOMBRE DE PERSONA
Nombre Personal Villanueva Urteaga, Horacio
9 (RLIN) 5790
700 ## - PUNTO DE ACCESO ADICIONAL--NOMBRE DE PERSONA
Nombre Personal Zecenarro Madueño, German
9 (RLIN) 30525
700 ## - PUNTO DE ACCESO ADICIONAL--NOMBRE DE PERSONA
Nombre Personal Tamayo Herrera, José
9 (RLIN) 11513
700 ## - PUNTO DE ACCESO ADICIONAL--NOMBRE DE PERSONA
Nombre Personal Cahuata, Fructuoso
9 (RLIN) 47060
700 ## - PUNTO DE ACCESO ADICIONAL--NOMBRE DE PERSONA
Nombre Personal Mormontoy Atayupanqui, Alfredo
9 (RLIN) 47061
700 ## - PUNTO DE ACCESO ADICIONAL--NOMBRE DE PERSONA
Nombre Personal Samanez Argumedo, Roberto
9 (RLIN) 5654
700 ## - PUNTO DE ACCESO ADICIONAL--NOMBRE DE PERSONA
Nombre Personal Barreda Murillo, Luis
9 (RLIN) 31369
700 ## - PUNTO DE ACCESO ADICIONAL--NOMBRE DE PERSONA
Nombre Personal Negrón Alonso, Luis
9 (RLIN) 47062
942 ## - ELEMENTOS DE PUNTO DE ACCESO ADICIONAL (KOHA)
Fuente de clasificación
Tipo de item Revistas cusqueñas
945 ## - PROCESAMIENTO DE INFORMACIÓN LOCAL (OCLC)
Catalogador rac
Holdings
Estado de retiro (separado) Fuente de clasificación o esquema de estanterías Estado dañado Ubicación Sala donde se ubica Nombre de la colección Fecha de adquisición o compra Costo, precio normal en soles Signatura topográfica Código de Barras Última vez visto (Koha) Tipo de ítem (Koha)
No     Sala Hemeroteca Sala Hemeroteca Book Cart 2022-02-01 5.00 Andes/N°1/1995 REVC000495 2022-02-01 Revistas cusqueñas
No     Sala Hemeroteca Sala Hemeroteca Book Cart 2022-02-01 5.00 Andes/N°1/1995/e.2 REVC000496 2022-02-01 Revistas cusqueñas

Powered by Koha